[Event "Turkish Cup 2017"]
[Site "masterchessopen.com Antalya TUR"]
[Date "2017.02.01"]
[Round "7.5"]
[White "Arat,Uf"]
[Black "Tasdogen,Dincer"]
[Result "0-1"]
[WhiteElo "2392"]
[BlackElo "2122"]

1. d4 Nf6 2. c4 e6 3. Nc3 Bb4 4. Qc2 O-O 5. a3 Bxc3+ 6. Qxc3 d6 7. g3 Nbd7 8.
Bg2 Re8 9. Nf3 e5 10. dxe5 Nxe5 11. O-O h6 12. b4 Ne4 13. Qc2 Ng6 14. Bb2 Qe7
15. Rad1 a5 16. Nd4 Bd7 17. Rd3 Qd8 18. f3 Nf6 19. e4 axb4 20. axb4 c6 21. Nb3
d5 22. Nc5 Bc8 23. f4 b6 24. e5 bxc5 25. exf6 Bf5 26. cxd5 Re3 27. Rfd1 Rxd3
28. Rxd3 Bxd3 29. Qxd3 cxb4 30. f5 Nf8 31. fxg7 Nh7 32. d6 Ra2 33. Be5 Ra5 34.
Qd4 b3 35. f6 Rxe5 36. Qxe5 Qxf6 37. Qe8+ Kxg7 38. d7 Qd4+ 39. Kf1 b2 40. Be4
Qd1+ 41. Kg2 Qe2+ 42. Kg1 Qe1+ 43. Kg2 Qe2+ 44. Kg1 Nf6 45. Bf5 Qxe8 46.
dxe8=Q Nxe8 47. Kf2 Nd6 48. Bd3 Nc4 49. Ke2 Na3 {#R} 0-1

[Event "PRO League Atlantic 2017"]
[Site "masterchessopen.com chess.com INT"]
[Date "2017.02.01"]
[Round "4"]
[White "Hess,Ro"]
[Black "Ruiz C,J"]
[Result "1-0"]
[WhiteElo "2571"]
[BlackElo "2331"]

1. d4 Nf6 2. c4 e6 3. Nc3 Bb4 4. Qc2 O-O 5. a3 Bxc3+ 6. Qxc3 b6 7. Nf3 Bb7 8.
Bf4 d6 9. e3 Nbd7 10. Be2 Ne4 11. Qc2 f5 12. h3 g5 13. Bh2 g4 14. hxg4 fxg4
15. Bd3 Ndf6 16. Bf4 gxf3 17. gxf3 e5 18. Bh6 Rf7 19. O-O-O Qe7 20. fxe4 Kh8
21. Bg5 Rg8 22. f4 Qe8 23. Rh4 Rg6 24. Qh2 exd4 25. Bxf6+ Rgxf6 26. e5 {#r}
1-0

[Event "Gibraltar Masters 2017"]
[Site "masterchessopen.com Caleta ENG"]
[Date "2017.02.01"]
[Round "9.53"]
[White "Sodoma,J"]
[Black "Wemmers,X"]
[Result "1-0"]
[WhiteElo "2344"]
[BlackElo "2424"]

1. d4 Nf6 2. c4 e6 3. Nc3 Bb4 4. Qc2 Nc6 5. Nf3 d6 6. Bd2 O-O 7. a3 Bxc3 8.
Bxc3 Qe7 9. e3 a5 10. b3 e5 11. dxe5 dxe5 12. Be2 Bg4 13. O-O Rfe8 14. Rfd1
Bh5 15. h3 Bg6 16. Qb2 Ne4 17. Be1 h6 18. b4 b6 19. Rdc1 Rab8 20. Qb3 Qf6 21.
Nh2 Rbd8 22. f3 Ng5 23. c5 Bf5 24. Bb5 Re6 25. h4 Nh7 26. g4 Bg6 27. cxb6 cxb6
28. h5 Bxh5 29. gxh5 Ne7 30. Rd1 Rf8 31. Bd7 Qg5+ 32. Kh1 Rf6 33. Bg4 Nf5 34.
Qd3 Nxe3 35. Rd2 axb4 36. axb4 Rc6 37. Re2 Nc4 38. b5 Rc7 39. Rc2 Rd8 40. Qe2
Qf4 41. Ra4 Rd4 42. Bf2 Ne3 43. Rxc7 Rxa4 44. Rc6 Nf8 45. Qxe3 {#r} 1-0

[Event "Gibraltar Masters 2017"]
[Site "masterchessopen.com Caleta ENG"]
[Date "2017.01.31"]
[Round "8.51"]
[White "Finsterwalder,S"]
[Black "Zatonskih,A"]
[Result "0-1"]
[WhiteElo "2130"]
[BlackElo "2443"]

1. d4 Nf6 2. c4 e6 3. Nc3 Bb4 4. Qc2 d5 5. cxd5 exd5 6. Bg5 h6 7. Bh4 g5 8.
Bg3 Nc6 9. e3 h5 10. h4 Ne4 11. Bh2 Bf5 12. Bd3 gxh4 13. Nge2 Qe7 14. O-O-O
Nxc3 15. Nxc3 Bxd3 16. Rxd3 O-O-O 17. a3 Ba5 18. Ne2 Rh6 19. Qa4 Bb6 20. b4
Qe4 21. Nf4 h3 22. f3 hxg2 23. Rg1 Qxf3 24. Qd1 Qe4 25. Rxg2 Ne7 26. Rc3 Nf5
27. Qc2 Nd6 28. Rg5 f5 29. Rg7 Nb5 30. Rd3 {#R} 0-1

[Event "25th Fajr Open 2017"]
[Site "masterchessopen.com Sareyn IRI"]
[Date "2017.02.02"]
[Round "9.7"]
[White "Mirzoev,A"]
[Black "Gharibyan,Mamikon"]
[Result "1-0"]
[WhiteElo "2537"]
[BlackElo "2155"]

1. d4 Nf6 2. c4 e6 3. Nc3 Bb4 4. Qc2 c5 5. dxc5 Qc7 6. Nf3 Bxc5 7. Bg5 Be7 8.
e4 d6 9. Be2 a6 10. O-O Nbd7 11. Nd4 b6 12. Qd2 Bb7 13. f3 O-O 14. Rfc1 Rac8
15. Be3 Qb8 16. Kh1 Bd8 17. Bg1 Bc7 18. Rc2 h6 19. b4 Rfe8 20. Nb3 d5 21. exd5
Bf4 22. Qd1 exd5 23. c5 bxc5 24. bxc5 Ne5 25. Rb1 Qc7 26. Qf1 Nc6 27. a3 Re5
28. Bxa6 Bxa6 29. Qxa6 Rh5 30. Nb5 Qd7 31. N5d4 Rh4 32. g4 h5 33. Nf5 Rh3 34.
Nbd4 Kh7 35. Qf1 Nxd4 36. Bxd4 Qa4 37. Rcb2 hxg4 38. fxg4 Qxa3 39. Qxf4 Ne4
40. Ne3 Rc6 41. Kg2 Rh4 42. Rb6 Rch6 43. Qf5+ Rg6 44. Rxg6 fxg6 45. Qf7 Kh6
46. Qxg7+ Kg5 47. Qe7+ {#r} 1-0

[Event "Portugal Open 2017"]
[Site "masterchessopen.com Lisbon POR"]
[Date "2017.02.05"]
[Round "4.1"]
[White "Indjic,A"]
[Black "Iturrizaga,E"]
[Result "0-1"]
[WhiteElo "2560"]
[BlackElo "2652"]

1. d4 Nf6 2. c4 e6 3. Nc3 Bb4 4. Qc2 c5 5. dxc5 O-O 6. Nf3 Na6 7. g3 Nxc5 8.
Bg2 b6 9. O-O Bb7 10. Nb5 Be4 11. Qd1 Nb7 12. a3 Be7 13. Nc3 Bc6 14. Qc2 Nd6
15. b3 Rc8 16. Rd1 Nfe4 17. Bb2 Nxc3 18. Qxc3 f6 19. a4 Qc7 20. Nd4 Bxg2 21.
Kxg2 a6 22. Qe3 Rfe8 23. Ba3 Nb7 24. Bxe7 Rxe7 25. Rd2 Kf7 26. Rad1 Nc5 27. f3
Qe5 28. Qc3 h5 29. a5 h4 30. axb6 hxg3 31. hxg3 Rh8 32. e4 Qh5 33. Rg1 d5 34.
cxd5 exd5 35. Nf5 dxe4 36. Nxe7 exf3+ 37. Kf1 Qh3+ 38. Ke1 Qe6+ 39. Kd1 Ne4
40. Qc7 Qxb3+ 41. Kc1 Qa3+ 42. Rb2 Qe3+ 43. Kb1 Nc3+ {#R} 0-1

[Event "Gibraltar Masters 2017"]
[Site "masterchessopen.com Caleta ENG"]
[Date "2017.01.31"]
[Round "8.85"]
[White "De Haan,E"]
[Black "Bendayan Claros,A"]
[Result "1-0"]
[WhiteElo "2319"]
[BlackElo "2128"]

1. d4 Nf6 2. c4 e6 3. Nc3 Bb4 4. e3 c5 5. Bd3 Nc6 6. Nge2 O-O 7. O-O d6 8. a3
Bxc3 9. Nxc3 h6 10. d5 Ne7 11. dxe6 fxe6 12. b4 b6 13. Bb2 Bb7 14. Qc2 Rc8 15.
Ne4 Nxe4 16. Bxe4 d5 17. Bd3 cxb4 18. axb4 dxc4 19. Bh7+ Kh8 20. Rfd1 Qc7 21.
Rxa7 c3 22. Qxc3 Qxc3 23. Bxc3 Rfd8 24. Rxd8+ Rxd8 25. h3 Rd1+ 26. Kh2 Nd5 27.
Be5 Kxh7 28. Rxb7 Kg6 29. g4 Nf6 30. Rxb6 Rd2 31. Bg3 Kf7 32. Rb7+ Kf8 33. Kg2
Nd5 34. Kf3 Ne7 35. b5 Nd5 36. Be5 g6 37. b6 Rd3 38. Rb8+ Kf7 39. b7 {#r} 1-0

[Event "4th Floripa Masters 2017"]
[Site "masterchessopen.com Florianopolis BRA"]
[Date "2017.02.01"]
[Round "9.5"]
[White "Perdomo,L"]
[Black "Cunha,Lucas Aguiar"]
[Result "1-0"]
[WhiteElo "2459"]
[BlackElo "2287"]

1. d4 Nf6 2. c4 e6 3. Nc3 Bb4 4. e3 c5 5. Bd3 b6 6. Nge2 Bb7 7. O-O O-O 8. d5
exd5 9. Nxd5 Re8 10. Ng3 d6 11. a3 Ba5 12. Rb1 Nc6 13. e4 h6 14. Nf5 b5 15. b4
Bb6 16. Bb2 Ne5 17. Nxf6+ Qxf6 18. f4 bxc4 19. fxe5 Qg5 20. h4 Qg6 21. h5 Qg5
22. Bc1 {#r} 1-0

[Event "22nd HIT Open 2017"]
[Site "masterchessopen.com Nova Gorica SLO"]
[Date "2017.02.01"]
[Round "8.9"]
[White "Jelen,Ig"]
[Black "Pregarac,V"]
[Result "1-0"]
[WhiteElo "2391"]
[BlackElo "2185"]

1. d4 e6 2. c4 Nf6 3. Nc3 Bb4 4. e3 c5 5. Bd3 Nc6 6. Nf3 Bxc3+ 7. bxc3 d6 8.
O-O e5 9. d5 Ne7 10. e4 Ng6 11. Rb1 b6 12. Ne1 Bg4 13. f3 Bd7 14. g3 Bh3 15.
Rf2 Nd7 16. f4 exf4 17. Qh5 fxg3 18. hxg3 Be6 19. dxe6 fxe6 20. Bg5 Qc8 21.
Nf3 e5 22. Nh4 Ndf8 23. Rbf1 Qe6 24. Be2 h6 25. Bg4 hxg5 26. Rxf8+ {#r} 1-0

[Event "Turkish Cup 2017"]
[Site "masterchessopen.com Antalya TUR"]
[Date "2017.02.04"]
[Round "11.20"]
[White "Hadjiyev,S"]
[Black "Tasdogen,Dincer"]
[Result "1-0"]
[WhiteElo "2021"]
[BlackElo "2122"]

1. d4 Nf6 2. c4 e6 3. Nc3 Bb4 4. e3 c5 5. Nge2 cxd4 6. exd4 O-O 7. a3 Be7 8.
g3 d6 9. Bg2 Nbd7 10. O-O a6 11. b4 e5 12. Bb2 Rb8 13. c5 dxc5 14. dxc5 Re8
15. Qc2 Qc7 16. Rac1 Nf8 17. Na4 Ng6 18. Nb6 Be6 19. Nc3 Bf8 20. Rfd1 Bg4 21.
Rd2 Qe7 22. h3 Be6 23. Rcd1 Nh5 24. Nd7 Rbd8 25. Nxf8 Rxd2 26. Qxd2 Rxf8 27.
Nd5 Qd7 28. Qg5 Qa4 29. Qxh5 Qb3 30. Qe2 f5 31. Rd2 f4 32. Qd1 Qc4 33. Nb6 Qa2
34. Nd7 Rf7 35. Nxe5 Nxe5 36. Bxe5 Qxa3 37. Rd8+ Rf8 38. Bd5 {#r} 1-0

[Event "Gibraltar Masters 2017"]
[Site "masterchessopen.com Caleta ENG"]
[Date "2017.01.30"]
[Round "7.71"]
[White "Sahl,Bj"]
[Black "Burrows,M"]
[Result "0-1"]
[WhiteElo "2363"]
[BlackElo "2124"]

1. d4 Nf6 2. c4 e6 3. Nc3 Bb4 4. e3 b6 5. Nge2 Ba6 6. a3 Be7 7. Nf4 d5 8. Qf3
c6 9. b3 O-O 10. Bb2 Bb7 11. Bd3 Nbd7 12. O-O dxc4 13. bxc4 e5 14. Nfe2 Qc8
15. Qh3 c5 16. d5 g6 17. g3 Ne8 18. f4 f5 19. e4 Nd6 20. exf5 gxf5 21. Nb5
Nxb5 22. fxe5 Nd4 23. Nxd4 cxd4 24. Rxf5 Nxe5 25. Rxf8+ Kxf8 26. Rf1+ Ke8 27.
Qh5+ Ng6 28. Qxh7 Nf8 29. Qg8 Qc5 30. Bc1 b5 31. Qf7+ Kd8 32. Bg5 Bxg5 33.
Qxb7 Rc8 34. Qg7 Be7 35. cxb5 Qxa3 36. d6 Qxd6 37. Rf5 Rc5 38. Rf7 Rc1+ 39.
Kg2 Qd5+ 40. Kh3 Qh5+ {#R} 0-1

[Event "TCh-CAT Gp1 2017"]
[Site "masterchessopen.com Barcelona ESP"]
[Date "2017.01.28"]
[Round "2.3"]
[White "Valle,Lu"]
[Black "Colon Garcia,E"]
[Result "1-0"]
[WhiteElo "2306"]
[BlackElo "2329"]

1. d4 Nf6 2. c4 e6 3. Nc3 Bb4 4. e3 O-O 5. Nge2 d5 6. a3 Bd6 7. c5 Be7 8. f4
a5 9. Bd2 b6 10. b4 c6 11. Ng3 Nbd7 12. Be2 Qc7 13. O-O Ba6 14. Qc2 Bxe2 15.
Ngxe2 Rfc8 16. Ra2 Qb7 17. Rfa1 Qa6 18. Nc1 Ng4 19. h3 Nh6 20. Nd3 f6 21. Rb1
Nf7 22. Rab2 axb4 23. axb4 Qc4 24. Ne2 Ra3 25. Ndc1 Qxc2 26. Rxc2 {#r} 1-0

[Event "Gibraltar Masters 2017"]
[Site "masterchessopen.com Caleta ENG"]
[Date "2017.01.30"]
[Round "7.86"]
[White "Hewson,Brian Wr"]
[Black "Buchenau,F"]
[Result "0-1"]
[WhiteElo "2055"]
[BlackElo "2274"]

1. d4 e6 2. c4 Nf6 3. Nc3 Bb4 4. e3 O-O 5. Bd3 c5 6. Nf3 d6 7. O-O Bxc3 8.
bxc3 Nc6 9. e4 e5 10. d5 Ne7 11. Nh4 h6 12. g3 Bh3 13. Ng2 Nh7 14. f4 f5 15.
exf5 Bxf5 16. Bxf5 Nxf5 17. fxe5 dxe5 18. Qh5 Qd7 19. Ne3 Nd6 20. Rxf8+ Rxf8
21. Ba3 b6 22. Qe2 Qa4 23. Bb2 Ng5 24. Qg4 e4 25. h4 Nf3+ 26. Kh1 Rf6 27. Bc1
Qe8 28. Rb1 Ne5 29. Qe2 Qg6 30. Kg2 Nd3 31. Ng4 Rf3 {#R} 0-1

[Event "Portugal Open 2017"]
[Site "masterchessopen.com Lisbon POR"]
[Date "2017.02.05"]
[Round "4.28"]
[White "Gavrish,L"]
[Black "Rodriguez,Juan Talavera"]
[Result "1-0"]
[WhiteElo "2212"]
[BlackElo "2007"]

1. d4 Nf6 2. c4 e6 3. Nc3 Bb4 4. e3 O-O 5. Bd3 d5 6. cxd5 exd5 7. Nge2 Re8 8.
Bd2 b6 9. a3 Bd6 10. Nb5 Bf8 11. Rc1 Ba6 12. Bb4 Bxb4+ 13. axb4 c6 14. Nbc3
Bxd3 15. Qxd3 Qd6 16. b5 c5 17. O-O Nbd7 18. Nf4 g5 19. Nfxd5 Ng4 20. f4 cxd4
21. exd4 gxf4 22. Qf3 Ne3 23. Qxf4 Qxf4 24. Rxf4 Rac8 25. Nxe3 Rxe3 26. Rcf1
f6 27. Ra1 Rc4 28. Rg4+ Kf8 29. Rh4 Kg8 30. Rxa7 Ne5 31. h3 Re1+ 32. Kh2 Nf7
33. Ne4 Rc2 34. Nxf6+ Kg7 35. Rxh7+ Kxf6 36. Raxf7+ Kg6 37. Rhg7+ Kh5 38. Rg4
Kh6 39. Rb7 Re6 40. b3 Rd2 41. Rc7 Rd3 42. Rc6 Kh5 43. Rg3 Rxg3 44. Rxe6 Rxb3
45. Rxb6 Kg5 46. Rc6 Kf4 47. b6 Ke4 48. Rd6 Kd3 49. h4 {#r} 1-0

[Event "TCh-CAT Gp2 2017"]
[Site "masterchessopen.com Barcelona ESP"]
[Date "2017.01.28"]
[Round "2.3"]
[White "Peralta,Fe"]
[Black "Delorme,Ax"]
[Result "1-0"]
[WhiteElo "2574"]
[BlackElo "2514"]

1. d4 Nf6 2. c4 e6 3. Nc3 Bb4 4. e3 O-O 5. Bd3 d5 6. cxd5 exd5 7. Nge2 Re8 8.
O-O Bd6 9. Bd2 a6 10. Rc1 b6 11. Ng3 c5 12. Bb1 Bb7 13. dxc5 bxc5 14. e4 d4
15. Na4 Nbd7 16. Nf5 Bf8 17. f3 Bc6 18. Re1 Bb5 19. b3 Bxa4 20. bxa4 Re6 21.
a3 Qb8 22. Ba2 Rb6 23. Rb1 Rxb1 24. Qxb1 g6 25. Bxf7+ Kxf7 26. Qa2+ Ke8 27.
Qe6+ Kd8 28. Ba5+ {#r} 1-0

[Event "22nd HIT Open 2017"]
[Site "masterchessopen.com Nova Gorica SLO"]
[Date "2017.02.02"]
[Round "9.15"]
[White "Zamar Kodelja,Jurij"]
[Black "Urh,Zala"]
[Result "1-0"]
[WhiteElo "2214"]
[BlackElo "2049"]

1. d4 Nf6 2. c4 e6 3. Nc3 Bb4 4. a3 Bxc3+ 5. bxc3 b6 6. f3 d5 7. cxd5 exd5 8.
e3 O-O 9. Bd3 c5 10. Ne2 Ba6 11. O-O Bxd3 12. Qxd3 Re8 13. Ng3 Nbd7 14. Bb2
Qe7 15. Rae1 Rad8 16. Qb1 b5 17. e4 dxe4 18. fxe4 cxd4 19. cxd4 b4 20. e5 Nd5
21. Nf5 Qg5 22. Bc1 Qg6 23. Qb3 N7b6 24. axb4 Rc8 25. b5 Rc3 26. Qa2 Rec8 27.
Qf2 h6 28. Bd2 Rc2 29. Re2 R8c7 30. Ba5 Rc1 31. Be1 R1c4 32. h3 h5 33. Kh1 Rc1
34. Qf3 Rb1 35. Nh4 Qe6 36. Qxh5 Rcc1 37. Qg5 Nb4 38. Nf5 g6 39. Nh6+ Kg7 40.
Nxf7 Qxf7 41. Rxf7+ Kxf7 42. e6+ Ke8 43. Qxg6+ {#r} 1-0

[Event "PRO League Eastern 2017"]
[Site "masterchessopen.com chess.com INT"]
[Date "2017.02.01"]
[Round "4"]
[White "Bigabylov"]
[Black "Nishant,M"]
[Result "1-0"]
[WhiteElo "2216"]
[BlackElo "2186"]

1. d4 Nf6 2. c4 e6 3. Nc3 Bb4 4. Nf3 O-O 5. e3 c5 6. Bd3 Nc6 7. O-O Bxc3 8.
bxc3 d6 9. e4 e5 10. d5 Ne7 11. Nh4 h6 12. f4 exf4 13. Bxf4 Ng4 14. Nf5 Ne5
15. Bxe5 dxe5 16. Qh5 Bxf5 17. exf5 f6 18. Rf3 Qe8 19. Qh4 Kh7 20. Rg3 Rd8 21.
Re1 b5 22. Re4 bxc4 23. Reg4 Rf7 24. Bxc4 Nxd5 25. Rh3 Qf8 26. Qh5 Rfd7 27.
Qg6+ Kh8 28. Rgh4 a5 29. Rxh6+ gxh6 30. Rxh6+ Qxh6 31. Qxh6+ Rh7 32. Qd2 Rhd7
33. Bxd5 Rxd5 34. Qh6+ Kg8 35. Qg6+ Kh8 36. Qxf6+ Kg8 37. Qg6+ Kh8 38. h4 {#r}
1-0

[Event "Gibraltar Masters 2017"]
[Site "masterchessopen.com Caleta ENG"]
[Date "2017.01.31"]
[Round "8.25"]
[White "Wemmers,X"]
[Black "Lalith,B"]
[Result "0-1"]
[WhiteElo "2424"]
[BlackElo "2587"]

1. d4 Nf6 2. c4 e6 3. Nc3 Bb4 4. e3 O-O 5. Bd3 d5 6. Nf3 c5 7. O-O dxc4 8.
Bxc4 Nc6 9. a3 Ba5 10. Ba2 h6 11. Qc2 cxd4 12. Rd1 Bxc3 13. bxc3 d3 14. Rxd3
Qa5 15. Bb2 Qc5 16. Rad1 b6 17. Bb1 Ne5 18. Nxe5 Qxe5 19. c4 Qg5 20. h4 Qg6
21. e4 e5 22. Bxe5 Nxe4 23. Rf3 Bb7 24. Rd7 Rae8 25. Bb2 Bc6 26. Rc7 Qd6 27.
Rg3 g6 28. Rxc6 Qxc6 29. Re3 Nf6 30. Qc3 Rxe3 31. fxe3 Rd8 32. Bc2 Rd6 33. e4
Qc5+ 34. Kf1 Kf8 35. a4 Ng4 {#R} 0-1

[Event "Gibraltar Masters 2017"]
[Site "masterchessopen.com Caleta ENG"]
[Date "2017.02.01"]
[Round "9.33"]
[White "Garriga Cazorla,Pere"]
[Black "Lagno,Kateryna"]
[Result "0-1"]
[WhiteElo "2386"]
[BlackElo "2530"]

1. d4 Nf6 2. c4 g6 3. f3 c5 4. d5 d6 5. e4 e6 6. Ne2 Bg7 7. Nbc3 exd5 8. cxd5
Nbd7 9. Ng3 h5 10. Be2 h4 11. Nf1 Nh5 12. Be3 a6 13. a4 f5 14. f4 fxe4 15. Nd2
Ndf6 16. O-O Ng3 17. a5 Nxf1 18. Kxf1 O-O 19. Kg1 Bf5 20. Nc4 Qe7 21. Ra3 Rad8
22. Rb3 Nh7 23. Rb6 g5 24. Qd2 gxf4 25. Bxf4 Bd4+ 26. Be3 Bxe3+ 27. Qxe3 Rf6
28. b4 cxb4 29. Rxb4 Rg6 30. Kh1 Qg7 31. Bf1 Rf8 32. Qe1 Bh3 33. Ne3 Rxf1+ 34.
Qxf1 Qxc3 35. Rxe4 Nf6 36. Re7 Kf8 37. Re4 Kg8 38. Re7 Bd7 39. h3 Rg7 40. Nd1
Qd4 41. Re3 Bb5 42. Qe1 Qxd5 43. Rf3 Bc6 44. Ne3 Qe5 45. Rf1 Rg3 {#R} 0-1

[Event "Gibraltar Masters 2017"]
[Site "masterchessopen.com Caleta ENG"]
[Date "2017.02.02"]
[Round "10.34"]
[White "Carlstedt,J"]
[Black "Mikhalevski,V"]
[Result "0-1"]
[WhiteElo "2413"]
[BlackElo "2504"]

1. d4 Nf6 2. c4 g6 3. g3 c5 4. d5 b5 5. Bg2 d6 6. cxb5 a6 7. b6 Nbd7 8. Nc3
Bg7 9. Nf3 O-O 10. O-O a5 11. Qa4 h6 12. Qh4 g5 13. Qa4 Nxb6 14. Qc2 a4 15. h4
g4 16. Ne1 a3 17. Rb1 axb2 18. Bxb2 Nc4 19. Nd3 Nd7 20. Nf4 Nxb2 21. Rxb2 Ra3
22. Rb3 Qa5 23. Rxa3 Qxa3 24. Ne4 Ne5 25. Nh5 Bd7 26. Rb1 Qa6 27. Rb2 Bh8 28.
Qd2 Kh7 29. Rb3 Ra8 30. Nc3 Bf5 31. Qf4 Bg6 32. Be4 Qc8 33. Bb1 Bxb1 34. Nxb1
Kg6 35. Re3 f5 36. f3 Kxh5 37. fxg4+ Kg6 38. h5+ Kh7 39. Nc3 Bf6 40. Qf1 Bg5
{#R} 0-1

[Event "13th Moscow Open A 2017"]
[Site "masterchessopen.com Moscow RUS"]
[Date "2017.02.01"]
[Round "5.15"]
[White "Sorokin,Aleksey"]
[Black "Predke,A"]
[Result "0-1"]
[WhiteElo "2434"]
[BlackElo "2573"]

1. d4 Nf6 2. c4 g6 3. f3 Bg7 4. e4 d6 5. Be3 O-O 6. Nc3 a6 7. Rc1 c6 8. Nge2
b5 9. Ng3 e5 10. d5 b4 11. Nb1 h5 12. Bd3 Nbd7 13. Nd2 c5 14. Ne2 Nh7 15. Qc2
h4 16. O-O Ndf6 17. a3 a5 18. axb4 axb4 19. Ra1 Bd7 20. Rxa8 Qxa8 21. Nb3 Nh5
22. Ra1 Qc8 23. Na5 f5 24. exf5 gxf5 25. Rf1 Qe8 26. Nc6 Kh8 27. Bf2 h3 28. g4
e4 29. gxh5 exd3 30. Qxd3 f4 31. Kh1 Qxh5 32. Ne7 Be8 33. Rg1 Qe5 34. Bh4 Qxb2
35. Qe4 Qe5 36. Qd3 Qe3 37. Nc1 Bh5 38. Rf1 Bd4 39. Qd1 Rf7 40. Nb3 Bc3 {#R}
0-1

[Event "PRO League Eastern 2017"]
[Site "masterchessopen.com chess.com INT"]
[Date "2017.02.01"]
[Round "4"]
[White "Arsovic,G"]
[Black "Kulkarni,Vikramaditya"]
[Result "1-0"]
[WhiteElo "2401"]
[BlackElo "2285"]

1. d4 Nf6 2. Nf3 g6 3. c4 Bg7 4. g3 c6 5. Nc3 d5 6. cxd5 cxd5 7. Bg2 O-O 8.
Ne5 Nbd7 9. O-O Nxe5 10. dxe5 Ng4 11. Nxd5 Nxe5 12. Bg5 f6 13. Be3 Kh8 14. Qb3
Nc6 15. Rfd1 Qa5 16. Rac1 e6 17. Rc5 Qd8 18. Nb4 Qxd1+ 19. Qxd1 Nxb4 20. Qd2
Nd5 21. Bh6 Rf7 22. Bxg7+ Kxg7 23. e4 Nb6 24. e5 f5 25. b3 h6 26. h4 Kh7 27.
Qd4 Bd7 28. Rc7 Raf8 29. a4 Bc8 30. Rxf7+ Rxf7 31. a5 Na8 32. Qd8 Rc7 33. a6
Rc1+ 34. Kh2 bxa6 35. Bxa8 a5 36. Bc6 Rxc6 37. Qe7+ Kg8 38. Qe8+ Kg7 39. Qxc6
{#r} 1-0

[Event "PRO League Eastern 2017"]
[Site "masterchessopen.com chess.com INT"]
[Date "2017.02.01"]
[Round "4"]
[White "Reimanis,R"]
[Black "Sai,KG"]
[Result "1-0"]
[WhiteElo "2264"]
[BlackElo "2339"]

1. d4 Nf6 2. c4 g6 3. f3 Bg7 4. e4 d6 5. Ne2 e5 6. Be3 Nc6 7. d5 Ne7 8. Nec3
Nd7 9. Nd2 f5 10. b4 c5 11. Nb5 O-O 12. Nxd6 cxb4 13. c5 b6 14. c6 Nc5 15.
Bxc5 bxc5 16. Nxc8 Nxc8 17. Qc2 Nd6 18. Bd3 Bh6 19. Nc4 Nb5 20. O-O Nd4 21.
Qf2 Qc7 22. Qh4 Bg7 23. Rac1 a5 24. Ne3 Qa7 25. Kh1 a4 26. d6 f4 27. Nd5 Nxc6
28. Bb5 Nd4 29. Ne7+ Kh8 30. Nxg6+ Kg8 31. Bc4+ Rf7 32. Ne7+ Kf8 33. Qxh7 Rxe7
34. Qg8# 1-0

[Event "TCh-CAT Gp1 2017"]
[Site "masterchessopen.com Barcelona ESP"]
[Date "2017.01.28"]
[Round "2.3"]
[White "Fernandez Diaz,Cr"]
[Black "Boix Moreno,D"]
[Result "1-0"]
[WhiteElo "2259"]
[BlackElo "2271"]

1. d4 Nf6 2. c4 g6 3. g3 Nc6 4. d5 Ne5 5. e4 d6 6. Nc3 Bg7 7. f4 Ned7 8. Nh3
O-O 9. Be2 Nb6 10. Nf2 e6 11. O-O exd5 12. cxd5 c6 13. dxc6 bxc6 14. a4 a5 15.
Be3 Re8 16. Qd2 d5 17. Rfd1 Bf8 18. Rac1 Bb4 19. Qc2 Ba6 20. Bxa6 Rxa6 21. e5
Nc4 22. Bd4 c5 23. exf6 cxd4 24. Nxd5 Qxd5 25. Qxc4 Qxc4 26. Rxc4 Rxf6 27. Nd3
Bd6 28. Rxd4 Kg7 29. Kf1 g5 30. b3 gxf4 31. gxf4 Rc8 32. Rd2 Rc6 33. Ke2 Re6+
34. Kf3 Bc5 35. Re4 Rxe4 36. Kxe4 Be7 37. Ne5 Re6 38. Rd7 Kf8 39. Ra7 Rh6 40.
Rxa5 Rxh2 41. Ra8+ Kg7 42. Ra7 Kf8 43. Rb7 h5 44. a5 Re2+ 45. Kf5 {#r} 1-0

[Event "TCh-CAT Gp2 2017"]
[Site "masterchessopen.com Barcelona ESP"]
[Date "2017.01.28"]
[Round "2.1"]
[White "Fluvia Poyatos,Joa"]
[Black "Jerez Perez,A"]
[Result "1-0"]
[WhiteElo "2498"]
[BlackElo "2406"]

1. d4 Nf6 2. Nf3 g6 3. c4 Bg7 4. e3 O-O 5. Be2 c5 6. d5 e6 7. Nc3 exd5 8. cxd5
d6 9. Nd2 Na6 10. O-O Nc7 11. e4 Re8 12. a4 Na6 13. f3 Nb4 14. Nc4 a6 15. a5
Qc7 16. Bf4 Rd8 17. g4 Ne8 18. Qd2 Qe7 19. Bg5 Bf6 20. h4 Bd7 21. Kg2 Bxg5 22.
hxg5 f6 23. f4 Bb5 24. f5 Bxc4 25. Bxc4 fxg5 26. fxg6 hxg6 27. e5 dxe5 28. d6+
Kg7 29. Rf7+ Qxf7 30. Bxf7 Rxd6 31. Qxg5 Kxf7 32. Rf1+ Rf6 33. Qxe5 Rxf1 34.
Kxf1 Nc6 35. Qd5+ Ke7 36. Qxc5+ Kd7 37. Qd5+ Ke7 38. Qg8 Nxa5 39. Qxg6 Nc6 40.
Nd5+ Kf8 41. Qf5+ Kg8 42. Qe6+ Kf8 43. g5 Rd8 44. g6 Kg7 45. Qf7+ Kh6 46. Ne7
Nxe7 47. Qh7+ {#r} 1-0

[Event "Portugal Open 2017"]
[Site "masterchessopen.com Lisbon POR"]
[Date "2017.02.05"]
[Round "3.3"]
[White "Alvarez Marquez,J"]
[Black "Gharamian,T"]
[Result "0-1"]
[WhiteElo "2398"]
[BlackElo "2624"]

1. d4 Nf6 2. c4 g6 3. Nc3 Bg7 4. Nf3 O-O 5. Bg5 c5 6. e3 cxd4 7. exd4 d5 8.
Be2 Be6 9. cxd5 Nxd5 10. Qd2 Nd7 11. O-O N7f6 12. Rfe1 Rc8 13. Bf1 Nxc3 14.
bxc3 Bd5 15. Bxf6 exf6 16. Be2 Re8 17. Rac1 Qa5 18. c4 Qxd2 19. Nxd2 Bh6 20.
cxd5 Rxc1 21. Rxc1 Rxe2 22. Rc8+ Bf8 23. Nf1 Re4 24. Rc7 Rxd4 25. Rxb7 Bc5 26.
Ne3 Rd2 27. a4 Ra2 28. d6 Ra1+ 29. Nf1 Rd1 30. d7 Kf8 31. g3 f5 32. Kg2 Ke7
33. d8=Q+ Kxd8 34. Rxf7 Rd7 35. Rf6 Rd4 36. Rc6 Bb6 37. Ne3 Rxa4 38. Nd5 Bd4
39. Rd6+ Ke8 40. h4 Rc4 41. f4 Rc2+ 42. Kf3 Rf2# 0-1

[Event "Portugal Open 2017"]
[Site "masterchessopen.com Lisbon POR"]
[Date "2017.02.05"]
[Round "3.7"]
[White "Rocha,S"]
[Black "Vorobiov,E"]
[Result "0-1"]
[WhiteElo "2378"]
[BlackElo "2580"]

1. Nf3 g6 2. d4 Nf6 3. c4 Bg7 4. Nc3 O-O 5. Bg5 d6 6. e3 c6 7. Be2 a6 8. h3 b5
9. O-O Bb7 10. Qc2 Nbd7 11. Rfd1 bxc4 12. Bxc4 c5 13. Be2 cxd4 14. Nxd4 Rc8
15. Bxf6 Nxf6 16. Rac1 Rc7 17. Qb1 Qb8 18. Nb3 Bc8 19. Nd4 Bb7 20. Nb3 Rfc8
21. Na5 Qa7 22. Nxb7 Qxb7 23. Bf3 Qb6 24. Ne2 Nd7 25. Rxc7 Rxc7 26. Nd4 e6 27.
Be2 d5 28. b4 Ne5 29. a4 Nc4 30. b5 axb5 31. Qxb5 Bxd4 32. Qe8+ Kg7 33. exd4
Nb2 34. Rf1 Qxd4 35. a5 Rc2 36. a6 Rxe2 37. Qb8 Nd3 38. a7 Rxf2 39. a8=Q Rxf1+
40. Kh2 Qg1+ 41. Kg3 Rf3+ 42. Kh4 Qd4+ 43. g4 Qf2+ {#R} 0-1

[Event "Turkish Cup 2017"]
[Site "masterchessopen.com Antalya TUR"]
[Date "2017.02.01"]
[Round "7.14"]
[White "Ozkan,E"]
[Black "Gundogan,Sinem Cagla"]
[Result "1-0"]
[WhiteElo "2221"]
[BlackElo "2061"]

1. d4 Nf6 2. c4 g6 3. Nc3 Bg7 4. Nf3 d6 5. Bg5 O-O 6. e3 Nbd7 7. Be2 c6 8. Qc2
Qc7 9. O-O e5 10. Rfd1 Re8 11. Rac1 Nf8 12. dxe5 dxe5 13. h3 a5 14. a3 Ne6 15.
Bxf6 Bxf6 16. Ne4 Bg7 17. Nd6 Rd8 18. c5 a4 19. Bc4 Ra5 20. Nxc8 Qxc8 21. Bxe6
fxe6 22. Rxd8+ Qxd8 23. Nd2 e4 24. Nxe4 Rb5 25. Rd1 Qe7 26. Qxa4 Rxb2 27. Qa8+
Bf8 28. Rd7 Qh4 29. Qe8 {#r} 1-0